Torschützenliste der Ligue 1 2017-2018 - Statistiken

Allgemein
  • Dieses Quiz wurde 16 mal gespielt
  • Das Durchschnittsergebnis liegt bei 6 aus 10
Antwortstatistiken
Tore Nationalität Verein Spieler % Korrekt
28 Uruguay Paris Saint-Germain Edinson Cavani
100%
18 Kolumbien AS Monaco Falcao
93%
19 Brasilien Paris Saint-Germain Neymar
93%
19 Niederlande Olympique Lyon Memphis Depay
87%
18 Italien OGC Nizza Mario Balotelli
53%
16 Frankreich OGC Nice Alassane Plea
47%
22 Frankreich Olympique Marseille Florian Thauvin
47%
18 Dominikanische Republik Olympique Lyon Mariano
47%
18 Frankreich Olympique Lyon Nabil Fekir
40%
17 Kamerun SCO Angers Karl Toko Ekambi
33%
Keine übereinstimmenden Quizze gefunden
Verteilung der Resultate
Anzahl Personen mit jedem Resultat
Perzentil nach korrekt beantworteten Fragen
Ihre Resultats-Entwicklung
Sie haben dieses Quiz noch nicht gespielt